Japanese culture
Saved in:
| Main Author: | |
|---|---|
| Format: | Book |
| Language: | English |
| Published: |
Tokio
Charles E. Tuttle
1991
|
| Edition: | 3a. ed |
| Series: | Books to span the east e west
|
| Subjects: | |
| Tags: |
Add Tag
No Tags, Be the first to tag this record!
|
MARC
| LEADER | 00000nam a2200000 a 4500 | ||
|---|---|---|---|
| 001 | UCY2606 | ||
| 003 | CL-VaPUC | ||
| 008 | 941104e19910000JA |||||||||||||||||eng|d | ||
| 082 | 0 | 4 | |a 952 |b VAR |2 21 |
| 100 | 0 | |a Varley, H. Paul |e author |9 330673 | |
| 245 | 1 | 0 | |a Japanese culture |
| 250 | |a 3a. ed | ||
| 300 | |a 331 p | ||
| 942 | |c BK | ||
| 945 | |d 19941104 00:00:00 |a mfernand | ||
| 260 | |a Tokio |b Charles E. Tuttle |c 1991 | ||
| 650 | 0 | |a Historia |9 255047 | |
| 650 | 0 | |a Civilización |9 255823 | |
| 651 | 0 | |a Japón |9 260391 | |
| 583 | |a last modification |c 19941104 00:00:00 |k Rodrigo Vera | ||
| 490 | 0 | |a Books to span the east e west | |
| 999 | |c 230970 |d 230968 | ||
| 952 | |0 0 |1 0 |4 0 |6 952_000000000000000_VAR_1991 |7 0 |8 A |9 233693 |a BIBGIM |b BIBGIM |d 2019-11-15 |i 3028240 |o 952 VAR 1991 |p 3028240 |r 2025-01-15 |w 2019-11-15 |y BK |k ORI | ||